| 000 | 02084cam a22005054i 4500 | ||
|---|---|---|---|
| 003 | PE-LiUPU | ||
| 005 | 20250731173553.0 | ||
| 008 | 150616s1993 na rb 000 0 eng d | ||
| 020 | _a0687414687 | ||
| 035 | _a(Sirsi) i9780687414680 | ||
| 040 |
_aPE-LiUPU _bspa _cPE-LiUPU _erda |
||
| 049 | _aPRUA | ||
| 082 | 0 | 4 |
_b _221 |
| 100 | 1 |
_aMcCann, J. Clinton, _eautor. |
|
| 245 | 1 | 2 |
_aA Theological Introduction to the Book of Psalms : _bthe Psalms as Torah / _cJ. Clinton McCann. |
| 264 | 1 |
_aNashville, TN. : _bAbingdon Press, _c1993. |
|
| 300 |
_a204 páginas ; _c23 centímetros |
||
| 336 |
_atext _2rdacontent |
||
| 337 |
_aunmediated _2rdamedia |
||
| 338 |
_avolume _2rdacarrier |
||
| 504 | _aIncluye bibliografía. | ||
| 505 | 0 | _aThe shape of the book of Psalms -- Introduction for praise and praise as instruction -- Instruction for prayer and praye as instructiuon -- Instruction for profession and profession as instruction -- Appendix. | |
| 526 | _aSEG42 | ||
| 526 | _aSEG41 | ||
| 526 | _aSEG40 | ||
| 526 | _aSEG39 | ||
| 526 | _aP94 | ||
| 526 | _aP87 | ||
| 526 | _aP86 | ||
| 526 | _aP85 | ||
| 526 | _aP77 | ||
| 526 | _aP76 | ||
| 526 | _aP35 | ||
| 630 | 0 | 4 |
_aBiblia. _pA.T. _pSalmos _xIntroducciones. |
| 910 |
_ajck _bjvq _cjck |
||
| 942 |
_2ddc _cBOOK |
||
| 949 |
_a223.206 M12 _wDEWEY _c1 _i40522 _lCCODEBUL1 _mBUL _r0 _sY _tBOOK _u2015-4-23 _xTEOLOGIA _zUNKNOWN _0COMPRA _o.STAFF. Colección Teología |
||
| 949 |
_a223.206 M12 _wDEWEY _c2 _i43314 _lCCODEBUL1 _mBUL _r0 _sY _tBOOK _u2015-6-16 _xTEOLOGIA _zUNKNOWN _0COMPRA _o.STAFF. Colección Teología |
||
| 994 |
_aC0 _bPEPRU |
||
| 596 | _a1 | ||
| 999 |
_a223.206 M12 _wDEWEY _c61283 _i40522 _d61283 _e2017-11-10 _f2021-11-11 _g5 _lCCODEBUL1 _mBUL _n1 _p33.00 _q1 _r0 _sY _tBOOK _u2015-4-23 _xTEOLOGIA _PP35 _0COMPRA _o.STAFF. Colección Teología |
||
| 999 |
_a223.206 M12 _wDEWEY _c2 _i43314 _d2019-11-20 _e2019-11-17 _f2021-11-11 _g5 _lCCODEBUL1 _mBUL _n1 _q3 _r0 _sY _tBOOK _u2015-6-16 _xTEOLOGIA _zUNKNOWN _0COMPRA _o.STAFF. Colección General |
||
| 980 |
_81 _gALBERTO SANCHEZ Responsable de Automatización |
||